A definição dos espaços sociais, culturais e políticos no mundo ibero-atlântico (Registo nº 623)

Detalhes MARC
000 -Etiqueta do registo
Cabeçalho 01092cam a2200337 4500
005 - Identificador da versão
Campo de controlo 20240822153347.0
010 ## - Número internacional normalizado dos livros (ISBN)
Número (ISBN) 9727721559
021 ## - Número do Depósito Legal
Código do país PT
Número 149351/00
035 ## - Other System Control Numbers
System Control Number 0000651
System Control Number 0000647
System Control Number 0000647
System Control Number 0000635
100 ## - Dados gerais de processamento
Dados gerais de processamento 20000329d2000 m y0pory5003 ba
101 0# - Língua de publicação
Língua do texto, banda sonora, etc. Português
102 ## - Pais de publicação ou produção
País de publicação Portugal
105 ## - Campo de dados codificados: livros
Dados codificados dos livros a z 001yy
106 ## - Campo de dados codificados: material textual
Dados codificados do material textual r
200 1# - Titulo e menção de responsabilidade
Título próprio A definição dos espaços sociais, culturais e políticos no mundo ibero-atlântico
Informação de outro título (de finais do séc. XVIII até hoje)
Primeira menção de responsabilidade Quintas Jornadas de História Ibero-Americana
Outras menções de responsabilidade coord. Maria da Graça A. Mateus Ventura
205 ## - Menção da edição
Menção da edição 1ª ed
210 ## - Publicação, Distribuição, etc. 
Lugar da edição, distribuição, etc. Lisboa
Nome do editor, distribuidor, etc. Colibri
Data da publicação, distribuição, etc. 2000
215 ## - Descrição física 
Indicação específica da natureza do documento e extensão da espécie 209, [2] p.
Outras indicações físicas il.
Dimensões 23 cm
225 2# - Colecção 
Título próprio da colecção Extra-colecção
675 ## - Classificação Decimal Universal (CDU)
Notação 94(460/469)"17/19"
Edição BN
Língua da edição por
Notação 008(460/469)"17/19"
Edição BN
Língua da edição por
Notação 32(460/469))"17/19"
Edição BN
Língua da edição por
Notação 061.3
Edição BN
Língua da edição por
Edição BN
Língua da edição por
702 #1 - Nome de autor-pessoa física (responsabilidade secundária)
Número de registo de entrada de autoridade 0000762
Palavra de ordem Ventura
Outra parte do nome não tomada para palavra de ordem Maria da Graça Mateus
Datas 1956-
Código de função Editor literário / Coordenador
710 #2 - Nome de colectividade-autor (responsabilidade principal)
Número de registo de entrada de autoridade 0000768
Palavra de ordem Jornadas de História Ibero-Americana
Número do grupo-eventual e/ou número de uma parte do grupo-eventual 5
Local do grupo-eventual Portimão
Data do grupo-eventual 1999
942 ## - Elementos de entrada adicionados (Koha)
Tipo de item no Koha Livro
Exemplares
Situação do levantamento Origin of item (home branch) (coded) Biblioteca de empréstimo Código de barras Circulation type (not for loan) Tipo de documento Nota do exemplar Damaged status
  Biblioteca Escolar Eng. Nuno Mergulhão Biblioteca Escolar Eng. Nuno Mergulhão BENM655   Livro Sem mensagem